000 01022nam a22003257a 4500
001 BR0201242
003 BR-BrBNA
005 20230928101033.0
007 ta
008 230509b bl.||||| |||| 00| 0 por d
040 _aBR-BrBNA
_bpor
_cBiblioteca Nacional de Agricultura
041 _a(Por)
072 _aL10; L40
_b5120
090 _ 5120 BR0201242
100 1 _aMiserani, M.G.
110 1 _aUniversidade de Brasília, DF (Brasil). Faculdade de Agronomia e Medicina Veterinária
_0Tese (Mestre em Agronomia)
245 1 _aVariação genética, fenotípica e caracterização do cavalo Pantaneiro
260 3 _aBrasília, DF (Brasil):
_c2001.
300 _a92 p.
500 _aSummaries (Eng, Por); Several bibliography; 88 illus.; 6 tables
650 _aCAVALO
650 _aVARIAÇÃO GENÉTICA
650 _aMORFOLOGIA ANIMAL
650 _aHEREDITARIEDADE
650 _aPELAME
650 _aMÉTODO ESTATÍSTICO
650 _aMATO GROSSO
909 _a202309
_bLucia
_c55
_dLucia Elande
942 _cBK
999 _c63976
_d63976